000 00654nam a2200241Ia 4500
003 OSt
005 20220918222958.0
006 a|||||r|||| 00| 0
007 ta
008 220917b |||||||| |||| 00| 0 eng d
024 _a219,722
037 _cTextual
040 _aARTS
_cARTS
_beng
041 _2eng
_aeng
082 _aYxM58:g, P3
100 _aEmirbayer Mustafa Ed.
_9144538
245 0 _aEmile Durkheim
_b Sociologist of modernity
260 _aUSA
_bBlackwell Publishing
_c2003
300 _axv306p.
_ccm.
650 _aSOCIOLOGY
942 _hYxM58:g, P3
_cTEXL
_2CC
999 _c277035
_d277035